000 00367nam a2200133Ia 4500
005 20260328104340.0
008 260328s9999||||xx |||||||||||||| ||und||
100 _aRobledo Ocampo, Arturo
245 0 _aPortafolio en Vivienda 1950-2002 /
_cArturo Robledo Ocampo
260 _bUniversidad Nacional de Colombia
300 _a186 p.
650 _aVIVIENDA
942 _cBK
999 _c12085
_d12085